000 00857caa a22002537a 4500
999 _c410808
_d410808
001 123645
003 UA-OsUOA
005 20200112124247.0
007 ta
008 20170629b un ||||| |||| 00| 0 ukr d
040 _aUA-OsUOA
_bukr
_cUA-OsUOA
_dUA-OsUOA
041 _aukr
080 _a908
090 _a908
_bЯ47
100 _aЯковенко Л.
245 _aЗ історії музичної культури Волині
_cЛ. Яковенко, В. Буцяк
300 _aС. 197–198
650 7 _a908 Краєзнавство
_2UDC
700 _aБуцяк В.
773 0 _0321332
_9340998
_dОстрог Острозька академія 1999
_o87606
_tНаукові записки
_w(UA-OsUOA) 34905
_z966-7631-00-1
942 _cBKA
_2udc
955 _a1